[Event "CAN-op"]
[Site "Ottawa CAN"]
[Date "2007.07.12"]
[Round "7"]
[White "Krnan, Tomas"]
[Black "Tiviakov, Sergei"]
[Result "1/2-1/2"]
[WhiteElo "2432"]
[BlackElo "2648"]
[PlyCount "131"]
[GameId "2160767910642260"]
[EventDate "2007.07.07"]
[EventType "swiss"]
[EventRounds "10"]
[EventCountry "CAN"]
[SourceTitle "CBM 119 Extra"]
[Source "ChessBase"]
[SourceDate "2007.09.04"]
[SourceVersion "1"]
[SourceVersionDate "2007.09.04"]
[SourceQuality "1"]

1. e4 c5 2. Nf3 d6 3. d4 cxd4 4. Nxd4 Nf6 5. Nc3 g6 6. Be2 Bg7 7. Be3 Nc6 8. O-O O-O 9. Qd2 Bd7 10. Rad1 Nxd4 11. Bxd4 Bc6 12. f4 Nd7 13. b4 e5 14. fxe5 Nxe5 15. b5 Bd7 16. Nd5 Be6 17. Be3 Rc8 18. Bg5 f6 19. Be3 Rf7 20. c3 b6 21. Nf4 Bc4 22. Bd4 Qe8 23. a4 Bb3 24. Rb1 Be6 25. Ra1 Bd7 26. Bd1 Kh8 27. Bb3 Rf8 28. Qa2 Bh6 29. Ne6 Bxe6 30. Bxe6 Rc7 31. Bd5 Bg7 32. Qe2 Nd7 33. Bc6 Qe6 34. Bxd7 Rxd7 35. Qe3 d5 36. exd5 Qxd5 37. a5 Qxb5 38. axb6 axb6 39. Rab1 Qd5 40. Rxb6 f5 41. Bxg7+ Kxg7 42. Re6 Rff7 43. Re5 Qd3 44. Re8 Qxe3+ 45. Rxe3 Rc7 46. h3 Rc4 47. Rff3 h5 48. Rd3 Rfc7 49. Kh2 R7c6 50. Kg1 Kf6 51. Kh2 Re4 52. Kg1 h4 53. Rfe3 Ke5 54. Kf2 Rcc4 55. Rd8 Ra4 56. Re8+ Kf4 57. R3xe4+ fxe4 58. Rf8+ Kg5 59. Ke3 Rc4 60. Rf2 Rxc3+ 61. Kxe4 Rg3 62. Kd4 Kh5 63. Ke4 Ra3 64. Rb2 g5 65. Rc2 Rg3 66. Ra2 1/2-1/2

[Event "CAN-op"]
[Site "Ottawa CAN"]
[Date "2007.07.13"]
[Round "8"]
[White "Vul, Arkadi"]
[Black "Krnan, Tomas"]
[Result "1/2-1/2"]
[WhiteElo "2312"]
[BlackElo "2432"]
[PlyCount "126"]
[GameId "2160767910642330"]
[EventDate "2007.07.07"]
[EventType "swiss"]
[EventRounds "10"]
[EventCountry "CAN"]
[SourceTitle "CBM 119 Extra"]
[Source "ChessBase"]
[SourceDate "2007.09.04"]
[SourceVersion "1"]
[SourceVersionDate "2007.09.04"]
[SourceQuality "1"]

1. Nf3 Nf6 2. c4 d6 3. d4 g6 4. g3 Bg7 5. Bg2 O-O 6. O-O c6 7. Nc3 Bf5 8. Nh4 Be6 9. Qd3 d5 10. cxd5 cxd5 11. Qb5 Qd7 12. Nf3 Rc8 13. Qxd7 Bxd7 14. Ne5 e6 15. Bg5 Be8 16. Rac1 Nbd7 17. Nxd7 Bxd7 18. Rfd1 b5 19. a3 a5 20. Na2 Ne4 21. Be7 Rxc1 22. Rxc1 Re8 23. Bxe4 Rxe7 24. Bd3 Bxd4 25. Rc7 Bxb2 26. Bxb5 Bxb5 27. Rxe7 Bc4 28. Rb7 Bxa3 29. Ra7 Bb2 30. Rxa5 Bxe2 31. Nb4 Bc3 32. Ra2 Bc4 33. Ra8+ Kg7 34. Nc2 Bf6 35. f3 d4 36. Rc8 Ba6 37. Ra8 Bb7 38. Ra3 e5 39. Kf2 h5 40. Ne1 h4 41. Nd3 e4 42. fxe4 Bxe4 43. Ke2 hxg3 44. hxg3 Bg5 45. Ra4 Be3 46. Nc5 Bd5 47. Ra3 Bc4+ 48. Kf3 Bd5+ 49. Ke2 f5 50. Rxe3 dxe3 51. Kxe3 Kf6 52. Nd3 Kg5 53. Nf2 Bg2 54. Nd3 Kf6 55. Nf2 g5 56. Kd4 Ke6 57. Nd3 Bf1 58. Nf2 Be2 59. Ke3 Ba6 60. Nh3 Kf6 61. Kd4 Bf1 62. Nf2 Bg2 63. Nd3 Be4 1/2-1/2

[Event "CAN-op"]
[Site "Ottawa CAN"]
[Date "2007.07.14"]
[Round "9"]
[White "Krnan, Tomas"]
[Black "Cheng, Bindi"]
[Result "1-0"]
[WhiteElo "2432"]
[BlackElo "2238"]
[PlyCount "49"]
[GameId "2160767910642353"]
[EventDate "2007.07.07"]
[EventType "swiss"]
[EventRounds "10"]
[EventCountry "CAN"]
[SourceTitle "CBM 119 Extra"]
[Source "ChessBase"]
[SourceDate "2007.09.04"]
[SourceVersion "1"]
[SourceVersionDate "2007.09.04"]
[SourceQuality "1"]

1. e4 d5 2. exd5 Nf6 3. d4 Bg4 4. f3 Bf5 5. Bb5+ Nbd7 6. Nc3 a6 7. Ba4 b5 8. Bb3 Nb6 9. Nge2 Nbxd5 10. Nxd5 Nxd5 11. Ng3 Bc8 12. O-O e6 13. f4 c5 14. c3 g6 15. Qe2 Be7 16. dxc5 Bxc5+ 17. Kh1 Be7 18. a4 b4 19. f5 O-O 20. Bh6 bxc3 21. bxc3 Bb7 22. fxe6 f6 23. Bxf8 Qxf8 24. Qf3 Ne3 25. Qxe3 1-0

[Event "CAN-op"]
[Site "Ottawa CAN"]
[Date "2007.07.15"]
[Round "10"]
[White "Aveskulov, Valeriy"]
[Black "Krnan, Tomas"]
[Result "0-1"]
[WhiteElo "2539"]
[BlackElo "2432"]
[PlyCount "86"]
[GameId "2160767910642376"]
[EventDate "2007.07.07"]
[EventType "swiss"]
[EventRounds "10"]
[EventCountry "CAN"]
[SourceTitle "CBM 119 Extra"]
[Source "ChessBase"]
[SourceDate "2007.09.04"]
[SourceVersion "1"]
[SourceVersionDate "2007.09.04"]
[SourceQuality "1"]

1. e4 e5 2. Nf3 Nc6 3. Bb5 a6 4. Ba4 Nf6 5. d3 b5 6. Bb3 Be7 7. O-O d6 8. a4 Bb7 9. Nbd2 O-O 10. Re1 Na5 11. Ba2 c5 12. Nf1 c4 13. Bd2 Bc6 14. Ng3 cxd3 15. cxd3 bxa4 16. Bc3 Qb6 17. Nf5 Rfe8 18. Bxa5 Qxa5 19. Qc1 Bd7 20. Qg5 Bxf5 21. Qxf5 g6 22. Qh3 Nh5 23. g3 Rab8 24. Reb1 Rb4 25. Bc4 Reb8 26. Ra2 Qc7 27. Qf1 a5 28. Qe2 R8b6 29. Qc2 Qd7 30. Ne1 Nf6 31. Qe2 Qb7 32. Qc2 d5 33. exd5 Bc5 34. Qe2 a3 35. b3 a4 36. Rxa3 Rxc4 37. dxc4 Bxa3 38. Qxe5 Qe7 39. Qxe7 Bxe7 40. Ra1 axb3 41. Nd3 b2 42. Rb1 Ba3 43. Kf1 Ne4 0-1

[Event "CAN-ch"]
[Site "Toronto CAN"]
[Date "2006.08.18"]
[Round "1"]
[White "Kaminski, Victor"]
[Black "Krnan, Tomas"]
[Result "0-1"]
[WhiteElo "2129"]
[BlackElo "2399"]
[PlyCount "80"]
[GameId "2160767910781851"]
[EventDate "2006.08.18"]
[EventType "swiss"]
[EventRounds "9"]
[EventCountry "CAN"]
[SourceTitle "CBM 113 Extra"]
[Source "ChessBase"]
[SourceDate "2006.09.14"]
[SourceVersion "1"]
[SourceVersionDate "2006.09.14"]
[SourceQuality "1"]

1. d4 Nf6 2. c4 g6 3. Nf3 Bg7 4. g3 O-O 5. Bg2 d6 6. Nc3 Nc6 7. h3 Bf5 8. O-O Ne4 9. Nd5 Bd7 10. b3 e6 11. Ne3 f5 12. Bb2 f4 13. Qb1 Ng5 14. Nxg5 Qxg5 15. h4 Qe7 16. Nc2 g5 17. hxg5 fxg3 18. f4 e5 19. Bd5+ Kh8 20. dxe5 dxe5 21. Ba3 Qe8 22. Bxf8 Qh5 23. Bxg7+ Kxg7 24. Kg2 Qh3+ 25. Kf3 g2+ 26. Kf2 gxf1=Q+ 27. Qxf1 Qh4+ 28. Ke3 Rf8 29. Qh1 Qxf4+ 30. Kd3 e4+ 31. Bxe4 Bf5 32. Bxf5 Qxf5+ 33. Kd2 Qxg5+ 34. e3 Rf2+ 35. Kd3 Qf5+ 36. e4 Qd7+ 37. Kc3 Qd2+ 38. Kb2 Qxc2+ 39. Ka3 Qb2+ 40. Ka4 Qxa2+ 0-1

[Event "CAN-ch"]
[Site "Toronto CAN"]
[Date "2006.08.19"]
[Round "2"]
[White "Krnan, Tomas"]
[Black "Djerkovic, Miladin"]
[Result "1-0"]
[WhiteElo "2399"]
[BlackElo "2225"]
[PlyCount "67"]
[GameId "2160767910781887"]
[EventDate "2006.08.18"]
[EventType "swiss"]
[EventRounds "9"]
[EventCountry "CAN"]
[SourceTitle "The Week in Chess 615"]
[Source "Mark Crowther"]
[SourceDate "2006.08.21"]
[SourceVersion "1"]
[SourceVersionDate "2006.08.21"]
[SourceQuality "2"]

1. e4 e5 2. Nf3 Nc6 3. Bb5 a6 4. Ba4 Nf6 5. O-O Be7 6. Re1 b5 7. Bb3 d6 8. c3 O-O 9. h3 Nd7 10. d4 Bf6 11. a4 Bb7 12. axb5 axb5 13. Rxa8 Qxa8 14. d5 Ne7 15. Na3 Ba6 16. Nc2 Nc5 17. Ne3 Nxb3 18. Qxb3 g6 19. Bd2 Bg7 20. Ra1 Qc8 21. Qb4 f5 22. Qa5 Bb7 23. Qxb5 fxe4 24. Ng5 c6 25. Qb6 cxd5 26. Ra7 Bf6 27. Ng4 e3 28. Bxe3 d4 29. Nxf6+ Rxf6 30. Rxb7 dxe3 31. Rb8 exf2+ 32. Kf1 Rf8 33. Rxc8 Nxc8 34. Qc7 1-0

[Event "CAN-ch"]
[Site "Toronto CAN"]
[Date "2006.08.20"]
[Round "3"]
[White "Lawson, Eric"]
[Black "Krnan, Tomas"]
[Result "0-1"]
[WhiteElo "2393"]
[BlackElo "2399"]
[PlyCount "80"]
[GameId "2160767910781919"]
[EventDate "2006.08.18"]
[EventType "swiss"]
[EventRounds "9"]
[EventCountry "CAN"]
[SourceTitle "The Week in Chess 615"]
[Source "Mark Crowther"]
[SourceDate "2006.08.21"]
[SourceVersion "1"]
[SourceVersionDate "2006.08.21"]
[SourceQuality "2"]

1. e4 e5 2. Nf3 Nc6 3. Bc4 Nf6 4. d3 Be7 5. O-O O-O 6. Bb3 d6 7. c3 Na5 8. Bc2 c5 9. h3 Nc6 10. a3 d5 11. Nbd2 a6 12. Re1 d4 13. cxd4 cxd4 14. Nf1 h6 15. Ng3 Re8 16. Bb3 Nd7 17. Nf5 Nc5 18. Ba2 Bxf5 19. exf5 Bf6 20. b4 e4 21. bxc5 exf3 22. Rxe8+ Qxe8 23. Qxf3 Qe1+ 24. Kh2 Re8 25. Rb1 Ne5 26. Qg3 Qe2 27. Rb2 Qxd3 28. Rxb7 Qc2 29. Bb2 Qe4 30. Rb4 Bh4 31. Qb3 Qf4+ 32. Kh1 Nc4 33. Rb8 Qxb8 34. Qxb8 Rxb8 35. Bxd4 Rd8 36. Bc3 Nxa3 37. g3 Bf6 38. Ba5 Rc8 39. Bb4 Nc2 40. Be6 fxe6 0-1

[Event "CAN-ch"]
[Site "Toronto CAN"]
[Date "2006.08.22"]
[Round "5"]
[White "Zugic, Igor"]
[Black "Krnan, Tomas"]
[Result "1-0"]
[WhiteElo "2467"]
[BlackElo "2399"]
[PlyCount "89"]
[GameId "2160767910790190"]
[EventDate "2006.08.18"]
[EventType "swiss"]
[EventRounds "9"]
[EventCountry "CAN"]
[SourceTitle "The Week in Chess 616"]
[Source "Mark Crowther"]
[SourceDate "2006.08.28"]
[SourceVersion "1"]
[SourceVersionDate "2006.08.28"]
[SourceQuality "2"]

1. d4 Nf6 2. c4 g6 3. Nc3 Bg7 4. e4 d6 5. Nf3 O-O 6. Be2 e5 7. O-O Nbd7 8. Be3 c6 9. d5 c5 10. Ne1 Ne8 11. Nd3 f5 12. f3 Bf6 13. exf5 gxf5 14. f4 Qe7 15. Qd2 Bg7 16. fxe5 dxe5 17. Nxc5 Ndf6 18. Nb3 Nd6 19. c5 Nde4 20. Nxe4 Nxe4 21. Qc2 Nf6 22. d6 Qf7 23. Bc4 Nd5 24. Qd2 Be6 25. Bh6 f4 26. Bxg7 Kxg7 27. Rae1 Ne3 28. Rxe3 Bxc4 29. Rxe5 Bxf1 30. Re7 Bb5 31. Nd4 Bd7 32. Nf3 Rae8 33. Qd4+ Kg8 34. Rxf7 Rxf7 35. Ne5 Rxe5 36. Qxe5 Bc6 37. Qg5+ Kf8 38. Kf2 a6 39. b4 Bd7 40. h4 Bc6 41. h5 Rg7 42. Qd8+ Kf7 43. d7 Ke6 44. Qe8+ Re7 45. d8=N+ 1-0

[Event "CAN-ch"]
[Site "Toronto CAN"]
[Date "2006.08.23"]
[Round "6"]
[White "Krnan, Tomas"]
[Black "Schleifer, Michael"]
[Result "1-0"]
[WhiteElo "2399"]
[BlackElo "2340"]
[PlyCount "47"]
[GameId "2160767910790207"]
[EventDate "2006.08.18"]
[EventType "swiss"]
[EventRounds "9"]
[EventCountry "CAN"]
[SourceTitle "The Week in Chess 616"]
[Source "Mark Crowther"]
[SourceDate "2006.08.28"]
[SourceVersion "1"]
[SourceVersionDate "2006.08.28"]
[SourceQuality "2"]

1. e4 e5 2. Nf3 Nf6 3. Nxe5 d6 4. Nf3 Nxe4 5. Nc3 Nf6 6. d4 Bg4 7. h3 Bh5 8. g4 Bg6 9. Bg2 c6 10. Nh4 Ne4 11. Nxe4 Bxe4 12. Bxe4 Qxh4 13. Be3 d5 14. Bd3 Bd6 15. Qf3 Nd7 16. O-O-O Nb6 17. g5 Nc4 18. Rdg1 Nxe3 19. fxe3 h5 20. g6 O-O 21. Qf5 Rad8 22. Rg5 fxg6 23. Qxg6 Rf7 24. Rxh5 1-0

[Event "CAN-ch"]
[Site "Toronto CAN"]
[Date "2006.08.24"]
[Round "7"]
[White "Krnan, Tomas"]
[Black "Mikanovic, Goran"]
[Result "1-0"]
[WhiteElo "2399"]
[BlackElo "2284"]
[PlyCount "47"]
[GameId "2160767910790238"]
[EventDate "2006.08.18"]
[EventType "swiss"]
[EventRounds "9"]
[EventCountry "CAN"]
[SourceTitle "The Week in Chess 616"]
[Source "Mark Crowther"]
[SourceDate "2006.08.28"]
[SourceVersion "1"]
[SourceVersionDate "2006.08.28"]
[SourceQuality "2"]

1. e4 c5 2. Nf3 d6 3. d4 cxd4 4. Nxd4 Nf6 5. Nc3 a6 6. Bc4 e6 7. Bb3 b5 8. O-O Nbd7 9. Bxe6 fxe6 10. Nxe6 Qb6 11. Nd5 Nxd5 12. exd5 Nf6 13. Re1 Bxe6 14. Rxe6+ Kf7 15. Bg5 Be7 16. Qe2 Qd8 17. Re1 Ra7 18. h4 h6 19. Be3 Rb7 20. h5 Nh7 21. Bb6 Qd7 22. Qd3 Re8 23. Qxh7 Rxb6 24. R1e3 1-0

[Event "CAN-ch"]
[Site "Toronto CAN"]
[Date "2006.08.25"]
[Round "8"]
[White "Bluvshtein, Mark"]
[Black "Krnan, Tomas"]
[Result "1-0"]
[WhiteElo "2541"]
[BlackElo "2399"]
[PlyCount "133"]
[GameId "2160767910790257"]
[EventDate "2006.08.18"]
[EventType "swiss"]
[EventRounds "9"]
[EventCountry "CAN"]
[SourceTitle "The Week in Chess 616"]
[Source "Mark Crowther"]
[SourceDate "2006.08.28"]
[SourceVersion "1"]
[SourceVersionDate "2006.08.28"]
[SourceQuality "2"]

1. e4 e5 2. Nf3 Nc6 3. d4 exd4 4. Nxd4 Bc5 5. Be3 Qf6 6. c3 Nge7 7. g3 d5 8. Bg2 Bxd4 9. cxd4 dxe4 10. O-O O-O 11. Nc3 Qg6 12. Bxe4 Bf5 13. Bg2 Nb4 14. d5 Nc2 15. Rc1 Nxe3 16. fxe3 Qb6 17. Qd2 Bd7 18. Ne4 Rad8 19. Nc5 Bc8 20. e4 Ng6 21. Kh1 Rfe8 22. Rf3 Qd6 23. Rb3 b6 24. Nd3 c5 25. dxc6 Ne5 26. c7 Rd7 27. Bh3 Rxc7 28. Rxc7 Qxc7 29. Rc3 Qb7 30. Bxc8 Qxe4+ 31. Qg2 Nxd3 32. Qxe4 Nf2+ 33. Kg2 Nxe4 34. Rc7 g6 35. Ba6 Re5 36. Rxa7 Ra5 37. Ra8+ Kg7 38. Bb7 Nd6 39. Rxa5 bxa5 40. Ba6 Kf6 41. Kf3 Ke5 42. Ke3 f5 43. Bd3 g5 44. a3 Nc8 45. Kf3 Nb6 46. g4 fxg4+ 47. Kxg4 Kf6 48. Bxh7 Nc4 49. b3 Ne5+ 50. Kg3 Ke6 51. Be4 Kd6 52. b4 axb4 53. axb4 Ke6 54. b5 Nd7 55. Bf3 Nb6 56. Kg4 Kf6 57. Kh5 Kf5 58. Kh6 Kf4 59. Bg2 g4 60. Kg6 Nd7 61. Kh5 Nb6 62. Kh4 Nc4 63. Bd5 Nd6 64. b6 Ke5 65. Bc6 Kd4 66. Kxg4 Nf7 67. Kf5 1-0

[Event "CAN-ch"]
[Site "Toronto CAN"]
[Date "2006.08.26"]
[Round "9"]
[White "Tayar, Jonathan"]
[Black "Krnan, Tomas"]
[Result "1/2-1/2"]
[WhiteElo "2214"]
[BlackElo "2399"]
[PlyCount "46"]
[GameId "2160767910790308"]
[EventDate "2006.08.18"]
[EventType "swiss"]
[EventRounds "9"]
[EventCountry "CAN"]
[SourceTitle "The Week in Chess 616"]
[Source "Mark Crowther"]
[SourceDate "2006.08.28"]
[SourceVersion "1"]
[SourceVersionDate "2006.08.28"]
[SourceQuality "2"]

1. e4 d5 2. exd5 Nf6 3. c4 c6 4. d4 cxd5 5. Nc3 Nc6 6. Nf3 Bg4 7. cxd5 Nxd5 8. Qb3 Bxf3 9. gxf3 e6 10. Qxb7 Nxd4 11. Bb5+ Nxb5 12. Qc6+ Ke7 13. Qxb5 Qd7 14. Nxd5+ Qxd5 15. Qxd5 exd5 16. Be3 Ke6 17. O-O-O Bb4 18. a3 Rhc8+ 19. Kb1 Ba5 20. b4 Bb6 21. Rhe1 Kd6 22. Rd3 Bxe3 23. fxe3 a5 1/2-1/2

[Event "CAN-op"]
[Site "Kitchener CAN"]
[Date "2006.07.15"]
[Round "1"]
[White "Egorov, Mikhail"]
[Black "Krnan, Tomas"]
[Result "0-1"]
[WhiteElo "2047"]
[BlackElo "2399"]
[PlyCount "66"]
[GameId "2160767910798736"]
[EventDate "2006.07.15"]
[EventType "swiss"]
[EventRounds "9"]
[EventCountry "CAN"]
[SourceTitle "CBM 113 Extra"]
[Source "ChessBase"]
[SourceDate "2006.09.14"]
[SourceVersion "1"]
[SourceVersionDate "2006.09.14"]
[SourceQuality "1"]

1. c4 Nf6 2. Nc3 g6 3. e4 d6 4. g3 c5 5. Bg2 Nc6 6. Nge2 Bg7 7. O-O O-O 8. h3 Ne8 9. d3 Nc7 10. Be3 Ne6 11. Qd2 Ned4 12. f4 a6 13. Rae1 Rb8 14. g4 b5 15. b3 b4 16. Nd1 a5 17. Nb2 Nxe2+ 18. Qxe2 Nd4 19. Qf2 Bd7 20. f5 a4 21. bxa4 b3 22. axb3 Rxb3 23. Bc1 Nc6 24. Kh1 Qb8 25. Nd1 Nb4 26. Qh4 Nxd3 27. Qxe7 Nxe1 28. f6 Qd8 29. Qxd6 Bxg4 30. Qxd8 Rxd8 31. Ne3 Nxg2 32. Nxg4 Nh4 33. fxg7 Rxh3+ 0-1

[Event "CAN-op"]
[Site "Kitchener CAN"]
[Date "2006.07.16"]
[Round "2"]
[White "Krnan, Tomas"]
[Black "Davies, Lucas"]
[Result "1-0"]
[WhiteElo "2399"]
[BlackElo "2178"]
[PlyCount "127"]
[GameId "2160767910798775"]
[EventDate "2006.07.15"]
[EventType "swiss"]
[EventRounds "9"]
[EventCountry "CAN"]
[SourceTitle "CBM 113 Extra"]
[Source "ChessBase"]
[SourceDate "2006.09.14"]
[SourceVersion "1"]
[SourceVersionDate "2006.09.14"]
[SourceQuality "1"]

1. e4 c6 2. d4 d5 3. e5 Bf5 4. Nc3 Qb6 5. Nf3 e6 6. Be2 c5 7. O-O Nc6 8. Na4 Qa5 9. Nxc5 Bxc5 10. dxc5 Qxc5 11. c3 Nge7 12. Qb3 Rb8 13. Nd4 Nxd4 14. cxd4 Qc7 15. Bd2 Nc6 16. Rac1 O-O 17. Bb4 Qb6 18. Bxf8 Nxd4 19. Qxb6 Nxe2+ 20. Kh1 axb6 21. Bd6 Nxc1 22. Bxb8 Nd3 23. b3 Kf8 24. f4 Ke8 25. Ba7 b5 26. a3 g5 27. g3 gxf4 28. gxf4 Be4+ 29. Kg1 Kf8 30. h3 Kg7 31. Kh2 Kg6 32. Rg1+ Kf5 33. Kg3 f6 34. Bd4 fxe5 35. fxe5 Kg5 36. Rf1 Bf5 37. b4 Kh5 38. Kf3 Kh4 39. Ke3 Be4 40. Bc3 Kxh3 41. Rf6 Kg4 42. Rxe6 Nf4 43. Re8 Bf5 44. Rg8+ Bg6 45. Rg7 Kg5 46. Kf3 Kf5 47. Rxb7 h5 48. Rb8 Ne6 49. Ke3 h4 50. Rh8 Kg4 51. Be1 d4+ 52. Kd2 Ng5 53. Rxh4+ Kf5 54. Rh8 Kxe5 55. Rb8 Ne4+ 56. Kc1 d3 57. Rxb5+ Kd4 58. Bd2 Kc4 59. Rb8 Kd5 60. a4 Ng3 61. a5 Ne2+ 62. Kb2 Nd4 63. a6 Nc6 64. Rb7 1-0

[Event "CAN-op"]
[Site "Kitchener CAN"]
[Date "2006.07.17"]
[Round "3"]
[White "Shetty, Rahul"]
[Black "Krnan, Tomas"]
[Result "1-0"]
[WhiteElo "2269"]
[BlackElo "2399"]
[PlyCount "131"]
[GameId "2160767910798811"]
[EventDate "2006.07.15"]
[EventType "swiss"]
[EventRounds "9"]
[EventCountry "CAN"]
[SourceTitle "CBM 113 Extra"]
[Source "ChessBase"]
[SourceDate "2006.09.14"]
[SourceVersion "1"]
[SourceVersionDate "2006.09.14"]
[SourceQuality "1"]

1. e4 e5 2. Nf3 Nc6 3. Bb5 a6 4. Ba4 Nf6 5. O-O Be7 6. Re1 b5 7. Bb3 d6 8. c3 O-O 9. h3 Na5 10. Bc2 c5 11. d4 Qc7 12. Nbd2 cxd4 13. cxd4 Bb7 14. d5 Rac8 15. Bd3 Nd7 16. Nf1 Nc5 17. Bc2 Nc4 18. b3 Nb6 19. Ne3 g6 20. Bd2 f5 21. exf5 e4 22. Nd4 Bf6 23. Ba5 Qg7 24. fxg6 hxg6 25. Bxb6 Bxd4 26. Rc1 Bb2 27. Bxc5 Bxc1 28. Bd4 Qf7 29. Qxc1 Qxf2+ 30. Kh1 Rf7 31. Qd1 Qh4 32. Rf1 Rxf1+ 33. Qxf1 Rf8 34. Qe2 Bc8 35. Kg1 Qg5 36. Bxe4 Qf4 37. Qd3 Bf5 38. Bxf5 gxf5 39. Bb2 Re8 40. Nf1 Re1 41. Bc3 Re4 42. Qd1 Qg5 43. Bb2 f4 44. Nd2 Re3 45. Nf3 Qg6 46. Bd4 Re7 47. Qc1 Re2 48. Qc8+ Kf7 49. Qc7+ Kg8 50. Qd8+ Re8 51. Qg5 Qxg5 52. Nxg5 Re2 53. h4 Rd2 54. Ne6 Rxa2 55. Nxf4 a5 56. h5 Rd2 57. Bc3 Rd1+ 58. Kf2 b4 59. Bf6 Kf7 60. Ke2 Rb1 61. Bd4 Rxb3 62. h6 Kg8 63. g4 Kh7 64. g5 Rg3 65. Ne6 Kg8 66. Nf8 1-0

[Event "CAN-op"]
[Site "Kitchener CAN"]
[Date "2006.07.18"]
[Round "4"]
[White "Krnan, Tomas"]
[Black "Predescu, Sebastian"]
[Result "1-0"]
[WhiteElo "2399"]
[BlackElo "2222"]
[PlyCount "115"]
[GameId "2160767910802930"]
[EventDate "2006.07.15"]
[EventType "swiss"]
[EventRounds "9"]
[EventCountry "CAN"]
[SourceTitle "CBM 113 Extra"]
[Source "ChessBase"]
[SourceDate "2006.09.14"]
[SourceVersion "1"]
[SourceVersionDate "2006.09.14"]
[SourceQuality "1"]

1. e4 c5 2. Nf3 d6 3. d4 cxd4 4. Nxd4 Nf6 5. Nc3 a6 6. Bc4 e6 7. Bb3 Nbd7 8. Bg5 h6 9. Bh4 Qa5 10. O-O Qh5 11. Qxh5 Nxh5 12. f3 Nc5 13. Rad1 g5 14. Bf2 Bd7 15. Rfe1 Rc8 16. e5 d5 17. Nce2 Bg7 18. g4 Nf4 19. Nxf4 gxf4 20. c3 O-O 21. Nc2 Nxb3 22. axb3 f5 23. exf6 Bxf6 24. Bd4 Rce8 25. Bxf6 Rxf6 26. Re5 Kf7 27. Rd4 Bc6 28. Nb4 Rf8 29. h4 a5 30. Nd3 Ke7 31. h5 Kd6 32. Re1 b6 33. Kf2 R8f7 34. b4 Bb5 35. Ne5 Rc7 36. Ng6 Rc4 37. Rxc4 Bxc4 38. bxa5 bxa5 39. Kg2 Bd3 40. Ne5 Be4 41. Nc4+ dxc4 42. Rxe4 Kd5 43. Kh3 e5 44. Kh4 Rb6 45. g5 hxg5+ 46. Kxg5 Ke6 47. Re2 Rb8 48. h6 Rg8+ 49. Kh5 Rh8 50. Rg2 Kf6 51. Rg6+ Kf5 52. Rg5+ Kf6 53. Rg6+ Kf5 54. Ra6 Rb8 55. h7 Rxb2 56. Rf6+ Kxf6 57. h8=Q+ Ke6 58. Qg8+ 1-0

[Event "CAN-op"]
[Site "Kitchener CAN"]
[Date "2006.07.19"]
[Round "5"]
[White "Lacau Rodean, Lucian"]
[Black "Krnan, Tomas"]
[Result "0-1"]
[WhiteElo "2104"]
[BlackElo "2399"]
[PlyCount "82"]
[GameId "2160767910802956"]
[EventDate "2006.07.15"]
[EventType "swiss"]
[EventRounds "9"]
[EventCountry "CAN"]
[SourceTitle "CBM 113 Extra"]
[Source "ChessBase"]
[SourceDate "2006.09.14"]
[SourceVersion "1"]
[SourceVersionDate "2006.09.14"]
[SourceQuality "1"]

1. e4 d5 2. exd5 Nf6 3. Bb5+ Bd7 4. Be2 Nxd5 5. d4 Bf5 6. Nf3 e6 7. O-O Be7 8. a3 O-O 9. c4 Nb6 10. Nc3 Bf6 11. Be3 Nc6 12. h3 Qd7 13. d5 exd5 14. Nxd5 Nxd5 15. cxd5 Ne7 16. Qb3 Nxd5 17. Bc4 Nxe3 18. fxe3 Be6 19. Bxe6 Qxe6 20. Qxb7 Qxe3+ 21. Kh1 Rab8 22. Qxc7 Rxb2 23. Rae1 Qxa3 24. Nh2 Qc3 25. Qf4 h5 26. Nf3 Qc2 27. Qg3 Qg6 28. Qxg6 fxg6 29. Ne5 Kh7 30. g4 Re8 31. Nd7 Rxe1 32. Rxe1 a5 33. Re8 Kh6 34. Ra8 Ra2 35. Rh8+ Kg5 36. gxh5 gxh5 37. Nxf6 gxf6 38. Kg1 a4 39. Rg8+ Kh4 40. Rf8 a3 41. Rxf6 Rb2 0-1

[Event "CAN-op"]
[Site "Kitchener CAN"]
[Date "2006.07.21"]
[Round "7"]
[White "Krnan, Tomas"]
[Black "Moiseenko, Alexander"]
[Result "0-1"]
[WhiteElo "2399"]
[BlackElo "2649"]
[PlyCount "104"]
[GameId "2160767910803020"]
[EventDate "2006.07.15"]
[EventType "swiss"]
[EventRounds "9"]
[EventCountry "CAN"]
[SourceTitle "CBM 113 Extra"]
[Source "ChessBase"]
[SourceDate "2006.09.14"]
[SourceVersion "1"]
[SourceVersionDate "2006.09.14"]
[SourceQuality "1"]

1. e4 c5 2. Nf3 Nc6 3. d4 cxd4 4. Nxd4 Nf6 5. Nc3 e5 6. Ndb5 d6 7. Bg5 a6 8. Na3 b5 9. Nd5 Be7 10. Bxf6 Bxf6 11. c3 Bg5 12. Nc2 Ne7 13. Ncb4 O-O 14. a4 bxa4 15. Rxa4 a5 16. Bb5 Be6 17. Nxe7+ Qxe7 18. Bc6 Ra7 19. Nd5 Bxd5 20. Bxd5 Qd7 21. O-O Bd8 22. Qb3 Kh8 23. Rfa1 g6 24. Qb8 Be7 25. Qb6 Bd8 26. Qe3 f5 27. exf5 gxf5 28. b4 f4 29. Qf3 Qb5 30. c4 Qb8 31. Qd3 Bh4 32. Rxa5 Rxa5 33. bxa5 Bxf2+ 34. Kf1 Qa7 35. Rb1 Bh4 36. Ke2 Qxa5 37. Kf3 Bf6 38. Be4 Qc5 39. Bxh7 Bh4 40. Be4 Qf2+ 41. Kg4 f3 42. Bxf3 Rf4+ 43. Kh3 Bd8 44. g3 Qxf3 45. Qxf3 Rxf3 46. Rb8 Rf8 47. Rc8 Kg7 48. c5 d5 49. c6 Bb6 50. Rxf8 Kxf8 51. Kg4 d4 52. Kf3 d3 0-1

[Event "CAN-op"]
[Site "Kitchener CAN"]
[Date "2006.07.22"]
[Round "8"]
[White "Gulati, Justin"]
[Black "Krnan, Tomas"]
[Result "0-1"]
[WhiteElo "2132"]
[BlackElo "2399"]
[PlyCount "53"]
[GameId "2160767910803046"]
[EventDate "2006.07.15"]
[EventType "swiss"]
[EventRounds "9"]
[EventCountry "CAN"]
[SourceTitle "CBM 113 Extra"]
[Source "ChessBase"]
[SourceDate "2006.09.14"]
[SourceVersion "1"]
[SourceVersionDate "2006.09.14"]
[SourceQuality "1"]

1. e4 e5 2. Nf3 Nc6 3. Bb5 a6 4. Ba4 Nf6 5. O-O Be7 6. Re1 b5 7. Bb3 d6 8. c3 O-O 9. h3 Bb7 10. d4 Re8 11. Ng5 Rf8 12. d5 Nb8 13. Nd2 Nbd7 14. Nf1 Nc5 15. Bc2 c6 16. dxc6 Bxc6 17. Ng3 Qc7 18. Nf3 Rfe8 19. Bg5 h6 20. Bxf6 Bxf6 21. Nf5 Rad8 22. Nh2 d5 23. exd5 Rxd5 24. Qh5 e4 25. Ng4 Bg5 26. Nge3 Bxe3 27. Rxe3 0-1

[Event "CAN-op"]
[Site "Kitchener CAN"]
[Date "2006.07.23"]
[Round "9"]
[White "Krnan, Tomas"]
[Black "Arencibia Rodriguez, Walter"]
[Result "1/2-1/2"]
[WhiteElo "2399"]
[BlackElo "2539"]
[PlyCount "66"]
[GameId "2160767910803086"]
[EventDate "2006.07.15"]
[EventType "swiss"]
[EventRounds "9"]
[EventCountry "CAN"]
[SourceTitle "CBM 113 Extra"]
[Source "ChessBase"]
[SourceDate "2006.09.14"]
[SourceVersion "1"]
[SourceVersionDate "2006.09.14"]
[SourceQuality "1"]

1. e4 e5 2. Nf3 Nf6 3. Nxe5 d6 4. Nf3 Nxe4 5. Nc3 Nxc3 6. dxc3 Be7 7. Bf4 O-O 8. Qd2 Nd7 9. O-O-O Nc5 10. Nd4 Re8 11. f3 Ne6 12. Be3 Bg5 13. Bxg5 Qxg5 14. Qxg5 Nxg5 15. Bb5 Rd8 16. Rhe1 Ne6 17. Bc4 d5 18. Bd3 Bd7 19. Nxe6 Bxe6 20. Re5 h6 21. f4 Rd6 22. f5 Bd7 23. Be2 Re8 24. Rxe8+ Bxe8 25. Bf3 Bc6 26. Rd4 Kf8 27. Kd2 Ke7 28. Ke3 Kf6 29. Kf4 g5+ 30. fxg6 fxg6 31. h4 g5+ 32. hxg5+ hxg5+ 33. Kg3 Ke5 1/2-1/2